Plant, Soil and Microbes (Record no. 615705)
[ view plain ]
| 000 -LEADER | |
|---|---|
| fixed length control field | 00454nam a22001337a 4500 |
| 040 ## - CATALOGING SOURCE | |
| Transcribing agency | ASAB |
| 245 ## - TITLE STATEMENT | |
| Title | Plant, Soil and Microbes |
| Remainder of title | Volume 1: Implications in Crop Science/ |
| Statement of responsibility, etc. | edited by Khalid Rehman Hakeem |
| 260 ## - PUBLICATION, DISTRIBUTION, ETC. | |
| Place of publication, distribution, etc. | Switzerland |
| Name of publisher, distributor, etc. | Springer |
| Date of publication, distribution, etc. | 2016 |
| 300 ## - PHYSICAL DESCRIPTION | |
| Extent | XIV, 366p |
| 700 ## - ADDED ENTRY--PERSONAL NAME | |
| Personal name | Hakeem, Khalid Rehman |
| Relator term | editor |
| 9 (RLIN) | 132588 |
| 700 ## - ADDED ENTRY--PERSONAL NAME | |
| Personal name | Sayeed, Akhtar Mohd |
| Relator term | editor |
| 9 (RLIN) | 132589 |
| 700 ## - ADDED ENTRY--PERSONAL NAME | |
| Personal name | Abdullah, Siti Nor Akmar |
| Relator term | editor |
| 9 (RLIN) | 132590 |
| 942 ## - ADDED ENTRY ELEMENTS (KOHA) | |
| Source of classification or shelving scheme | |
| Koha item type | Book |
| Withdrawn status | Lost status | Source of classification or shelving scheme | Damaged status | Not for loan | Permanent Location | Current Location | Date acquired | Source of acquisition | Total Checkouts | Full call number | Barcode | Date last seen | Price effective from | Koha item type |
|---|---|---|---|---|---|---|---|---|---|---|---|---|---|---|
| Atta-ur-Rahman School of Applied Biosciences (ASAB) | Atta-ur-Rahman School of Applied Biosciences (ASAB) | 12/29/2025 | Donation | 631.46 PLA 2016 3535 | ASAB3535 | 12/29/2025 | 12/29/2025 | Book |
